• 首页
  • 本馆介绍
  • 公告通知
  • 最新文献
  • 馆藏检索
  • 电子资源
  • 读者导购
  • 参考咨询
  • 我的图书馆
  • 登录
  • 详细信息显示
  • 放入我的书架
  • 预约/预借图书
  • 作者相关作品
  • 分类相关作品
  • 丛书相关作品
  • 出版社相关作品

书目信息

  • 表格格式
  • 工作单格式
  • 卡片格式
题名:
世界戏剧史话
    
 
作者: 李江 , 闽梅 著
分册:  
出版信息: 北京   国际文化出版公司  1999
页数: 281页
开本: 32开
丛书名: 世界艺术史话
单 册:
中图分类: J809.1
科图分类:
主题词: 戏剧--艺术理论
电子资源:
ISBN: 7-80105-757-0
000 00720nam0 2200241 45
001 0111191559
005 20031219104051.6
010    @a7-80105-757-0@dCNY20.00
100    @a20011119d1999 km y0chiy0120 ea
101 0  @achi
105    @aa z 000yy
200 1  @a世界戏剧史话@AShi Jie Xi Ju Shi Hua@f李江,闽梅著@FLi Jiang,Min Mei Zhu
210    @a北京@c国际文化出版公司@d1999
215    @a281页@c插图@d32开
225    @a世界艺术史话@f周宁,周旻编著
410    @12001 @a世界艺术史话
410    @1700 0@a周旻@AZhou Min@4编著@a周宁@AZhou Ning@4编著
606 0  @a戏剧@x艺术理论
690    @aJ809.1@v4
701    @a李江@4著
701  0 @a闽梅@4著
801    @aCN@bTSTC@c20011119
905    @f4@b300974-977@dJ809.1@e37
    
    世界戏剧史话/李江,闽梅著.-北京:国际文化出版公司,1999
    281页:插图;32开.-(世界艺术史话/周宁,周旻编著)
    
    
    ISBN 7-80105-757-0:CNY20.00
    
●
相关链接 在E读中查询图书 在五车中查询图书 在当当中查询图书 在豆瓣中查询图书


正题名:世界戏剧史话     索取号:J809.1/37         预约/预借

序号 登录号 条形码 馆藏地/架位号 状态 备注
1 0300974   203009742   第一借阅区/ [索取号:J809.1/37] 在馆    
2 0300975   203009751   第一借阅区/ [索取号:J809.1/37] 在馆    
3 0300976   203009760   第一借阅区/ [索取号:J809.1/37] 在馆    
4 0300977   203009779   第一样本阅览室/ [索取号:J809.1/37] 在馆    
唐山师范学院图书馆 欢迎您!
大连网信软件有限公司© 版权所有